| 000 | 00391cam a2200169ua 4500 | ||
|---|---|---|---|
| 020 | _c2.00 | ||
| 041 |
_amal _h |
||
| 082 |
_a927.5 _bKRI/RA |
||
| 100 | _aKrishna Pillai, G . | ||
| 245 | _aRaja Ravi Varma | ||
| 260 |
_aKottayam : _bThe Vidyarthimithram press and book depot , _c1964. |
||
| 300 | _a114 ; . | ||
| 365 | _a2.00 | ||
| 504 | _a | ||
| 942 | _cBK | ||
| 999 |
_c4368 _d4368 |
||